000 00280nam a22001337a 4500
008 170331b xxu||||| |||| 00| 0 eng d
020 _a9780721603643
041 _aeng
080 _24TH
_a617
100 _a8
101 _aSHM
245 _aORTHOPAEDICS
_cMILLER
942 _2udc
_cBK
999 _c9305
_d9305